Random Countries by vowel - Statistics

General Stats
  • This quiz has been taken 9 times
    5 since last reset
  • The average score is 3 of 20
Answer Stats
Hint Answer % Correct
EUAOIAUIEA Equatorial Guinea
100%
EIOIA Ethiopia
100%
IUAIA Lithuania
100%
OO Togo
100%
UIEAE United States
100%
AOA Andorra | Angola | Samoa
50%
AAI Bahrain | Malawi
0%
AAE Bangladesh
0%
AAO Barbados
0%
EIU Belgium
0%
EIE Belize
0%
EI Benin
0%
OIIA Bolivia | Dominica
0%
OIAEEOIA Bosnia and Herzegovina
0%
OAA Botswana
0%
AI Brazil | Mali | Spain
0%
UEI Brunei
0%
UAIA Bulgaria
0%
UIAAO Burkina Faso
0%
UUI Burundi
0%
AOIA Cambodia
0%
AEOO Cameroon
0%
AEEE Cape Verde
0%
EAAIAEUI Central African Republic
0%
A Chad
0%
IE Chile | Niger
0%
IA China | Finland | Iran | Iraq
0%
OOIA Colombia | Mongolia
0%
OOO Comoros | Kosovo | Morocco
0%
OAIA Costa Rica | Croatia | Romania | Slovakia | Somalia
0%
YU Cyprus
0%
EEUI Czech Republic
0%
EOAIEUIOO Democratic Republic of the Congo
0%
EA Denmark | Kenya | Nepal
0%
AAIA Albania | Afghanistan | Jamaica | Marshall Islands | Tanzania
0%
AEIA Algeria | Argentina | Armenia
0%
AIUAAUA Antigua and Barbuda
0%
AUAIA Australia
0%
AUIA Austria
0%
AEAIA Azerbaijan
0%
AAA Bahamas | Canada | Kazakhstan | Panama
0%
EAU Belarus
0%
UA Bhutan | Cuba | Sudan
0%
EOIA Georgia | Estonia
0%
EAY Germany
0%
EEE Greece
0%
IYA Libya
0%
EE Sweden | Yemen
0%
YIA Syria
0%
IOUI Djibouti
0%
OIIAEUI Dominican Republic
0%
EAIO East Timor
0%
EUAO Ecuador
0%
EY Egypt
0%
EAAO El Salvador
0%
EIEA Eritrea
0%
EAII Eswatini
0%
II Fiji
0%
AE France
0%
AO Gabon | Laos
0%
AIA Gambia | Latvia | Pakistan | Taiwan | Thailand | Zambia
0%
EAA Grenada
0%
UAEAA Guatemala
0%
UIEA Guinea
0%
UIEAIAU Guinea-Bissau
0%
UAA Guyana | Uganda
0%
AII Haiti
0%
OUA Honduras | Portugal
0%
UAY Hungary
0%
IEA Iceland | Ireland | Switzerland | Vietnam
0%
IIA India
0%
IOEIA Indonesia | Micronesia
0%
IAE Israel | Zimbabwe
0%
IAY Italy
0%
IOYOA Ivory Coast
0%
AA Japan | Ghana | Qatar | Rwanda | Malta
0%
OA Jordan | Oman | Poland | Tonga
0%
IIAI Kiribati
0%
UAI Kuwait
0%
YYA Kyrgyzstan
0%
EAO Lebanon
0%
EOO Lesotho
0%
IEIA Liberia | Nigeria
0%
IEEEI Liechtenstein
0%
UEOU Luxembourg
0%
AAAA Madagascar
0%
AAYIA Malaysia
0%
AIE Maldives
0%
AUIAIA Mauritania
0%
AUIIU Mauritius
0%
EIO Mexico
0%
OOA Moldova
0%
OAO Monaco
0%
OEEO Montenegro
0%
OAIUE Mozambique
0%
YAA Myanmar
0%
AIIA Namibia | Tajikistan
0%
AUU Nauru
0%
EEA Netherlands | Senegal
0%
EEAA New Zealand
0%
IAAUA Nicaragua
0%
OOEA North Korea
0%
OAEOIA North Macedonia
0%
OAY Norway
0%
AAU Palau
0%
AUAEUIEA Papua New Guinea
0%
AAUAY Paraguay
0%
EU Peru
0%
IIIE Philippines
0%
EUIOO Republic of the Congo
0%
UIA Russia
0%
AIIEI Saint Kitts and Nevis
0%
AIUIA Saint Lucia
0%
AIIEEAIE Saint Vincent and the Grenadines
0%
AAIO San Marino
0%
AOOEIIE Sao Tome and Principe
0%
AUIAAIA Saudi Arabia
0%
EIA Serbia
0%
EYEE Seychelles
0%
IEAEOE Sierra Leone
0%
IAOE Singapore
0%
OEIA Slovenia
0%
OOOIA Solomon Islands
0%
OUAIA South Africa
0%
OUOEA South Korea
0%
OUUA South Sudan
0%
IAA Sri Lanka
0%
UIAE Suriname
0%
IIAOAO Trinidad and Tobago
0%
UIIA Tunisia
0%
UEY Turkey
0%
UEIA Turkmenistan | Uzbekistan
0%
UAU Tuvalu
0%
UAIE Ukraine
0%
UIEAAEIAE United Arab Emirates
0%
UIEIO United Kingdom
0%
UUUAY Uruguay
0%
AUAU Vanuatu
0%
AIAIY Vatican City
0%
EEUEA Venezuela
0%
No matching quizzes found
Score Distribution
Percent of People with Each Score
Percentile by Number Answered
Your Score History
You have not taken this quiz since the last reset